LEADER 00799nam0-22003011i-450- 001 990003303690403321 005 20090326121138.0 035 $a000330369 035 $aFED01000330369 035 $a(Aleph)000330369FED01 035 $a000330369 100 $a20030910d1928----km-y0itay50------ba 101 0 $afre 102 $aFR 105 $ay-------001yy 200 1 $aLarousse du XXe siecle$ben six volumes$fsous la direction de Paul Augé 210 $aParis$cLarousse$d1928-1933 215 $a6 volumes 610 0 $aDizionari Francese 676 $a443 700 1$aAuge,$bPaul$0131231 801 0$aIT$bUNINA$gRICA$2UNIMARC 901 $aBK 912 $a990003303690403321 952 $a443 AUG$b748$fDECLI 959 $aDECLI 996 $aLarousse du XXe siecle$9446574 997 $aUNINA